The Meaning of Company Accounts. (Record no. 1622)

MARC details
005 - DATE AND TIME OF LATEST TRANSACTION
control field 20250423113047.0
020 ## - INTERNATIONAL STANDARD BOOK NUMBER
International Standard Book Number 0-566-02738-0
082 ## - DEWEY DECIMAL CLASSIFICATION NUMBER
Classification number 657.95 REI
100 ## - MAIN ENTRY--PERSONAL NAME
Author name REID, W.
245 ## - TITLE STATEMENT
Title The Meaning of Company Accounts.
250 ## - EDITION STATEMENT
Edition statement 4th Ed.
260 ## - PUBLICATION, DISTRIBUTION, ETC.
Place of publication, distribution, etc. England,
Name of publisher, distributor, etc. Gower,
Date of publication, distribution, etc. 1988.
300 ## - PHYSICAL DESCRIPTION
Extent ix, 351p.: ill.;
Other physical details Index
Dimensions 21cm
700 ## - ADDED ENTRY--PERSONAL NAME
Other authors/Editors MYDDELTON, D.R.
942 ## - ADDED ENTRY ELEMENTS (KOHA)
Source of classification or shelving scheme Dewey Decimal Classification
Koha item type Books
Holdings
Date last seen Total checkouts Full call number Barcode Cost, replacement price Price effective from Koha item type Lost status Source of classification or shelving scheme Damaged status Not for loan Withdrawn status Home library Current library Shelving location Date acquired Cost, normal purchase price
04/23/2025   657.95 REI 0000006175 30000.00 04/23/2025 Books   Dewey Decimal Classification       College of Business Education Main Library College of Business Education Main Library General Collection 04/23/2025 10000.00
04/23/2025   657.95 REI 0000006176 30000.00 04/23/2025 Books   Dewey Decimal Classification       College of Business Education Main Library College of Business Education Main Library General Collection 04/23/2025 10000.00